Overture Quiz - Statistics

General Stats
  • This quiz has been taken 12 times
  • The average score is 5 of 10
Answer Stats
Overture Composer % Correct
The Marriage of Figaro Wolfgang Amadeus Mozart
100%
1812 Overture Pyotr Ilyich Tchaikovsky
83%
Die Zauberflote Wolfgang Amadeus Mozart
58%
Egmont Overture Ludwig van Beethoven
50%
The Flying Dutchman Richard Wagner
50%
A Midsummer Night's Dream Felix Mendelssohn
42%
Carmen Overture Georges Bizet
42%
William Tell Overture Gioachino Rossini
33%
The Barber of Seville Gioachino Rossini
33%
Light Cavalry Overture Franz von Suppe
25%
No matching quizzes found
Score Distribution
Percent of People with Each Score
Percentile by Number Answered
Your Score History
You have not taken this quiz